| 000 | 00704nam a2200181Ia 4500 | ||
|---|---|---|---|
| 008 | 130821s1978 xx gr spa | ||
| 040 |
_aCo-BoUCM _bspa |
||
| 041 | _aspa | ||
| 245 | 0 | 0 | _aHistoria inmortal El año 1932, Grupo de creación literaria "15 de abril" del comité Central de la Unión de Escritores de Corea |
| 260 |
_aCorea _bEdiciones en lenguas extranjeras _c1978 |
||
| 300 | _a706 páginas | ||
| 490 | _aCiclo de novelas | ||
| 500 | _aEn homenaje al 60 cumpleaños del estimado y querido lider Camarada Kim Il Sung | ||
| 650 | 0 | 4 |
_aLiteratura coreana _918631 |
| 650 | 0 | 4 |
_aNovela coreana _920484 |
| 942 |
_cLIBRO _a18 _e1 _mH47 _2DEWEY _h895.73 |
||
| 999 |
_c12466 _d12466 |
||